000 00420nam a2200121Ia 4500
008 170221s9999 xx 000 0 und d
245 _aSkills Needed in the Workplace: A Comparison of the Results of Feedback from
260 _bInternational Journal of Management and Marketing Reseach
260 _cOctober 2013
300 _a2:3
650 _xMarketing.
856 _uhttp://www.theibfr.com/ARCHIVE/IJMMR-V9N2-2016.pdf
999 _c310364
_d310364